000 00575nam a22001697a 4500
005 20251108173545.0
008 250721s2007 xx 000 0 ara d
082 1 4 _a956.50224/ شيخ
100 1 _aأبو شيخة، عيسى موسى
_eمؤلف
245 1 0 _aعبدالله الثاني : الملك المعزز /
264 1 _aعمان :
_bالتدوين الأردني،
_c2007.
300 _a298ص.
650 1 7 _aتاريخ الأردن
650 1 7 _aعهد الملك عبد الله الثاني بن الحسين 1999- /
942 _2ddc
_cBK
999 _c106737
_d106737